समवेत स्वर और अन्य कहानियां / (Record no. 115864)

MARC details
000 -LEADER
fixed length control field 01026nam a22002537a 4500
005 - DATE AND TIME OF LATEST TRANSACTION
control field 20170124103030.0
010 ## - LIBRARY OF CONGRESS CONTROL NUMBER
LC control number B-177195
020 ## - INTERNATIONAL STANDARD BOOK NUMBER
Terms of availability 200.00
International Standard Book Number 8187883219
035 ## - SYSTEM CONTROL NUMBER
System control number B-177195
037 ## - SOURCE OF ACQUISITION
Source of stock number/acquisition Cen Lib/Ret
040 ## - CATALOGING SOURCE
Original cataloging agency DPL
Language of cataloging HN
082 ## - DEWEY DECIMAL CLASSIFICATION NUMBER
Classification number
Item number वैदय
100 ## - MAIN ENTRY--PERSONAL NAME
Personal name वैद, यशपाल
9 (RLIN) 63609
245 ## - TITLE STATEMENT
Title समवेत स्वर और अन्य कहानियां /
Statement of responsibility, etc यशपाल वैद
246 ## - VARYING FORM OF TITLE
Title proper/short title Samvet sawr or anya kahaniyan /
Remainder of title by Yashpal Vaid
260 ## - PUBLICATION, DISTRIBUTION, ETC. (IMPRINT)
Place of publication, distribution, etc छावनी
Name of publisher, distributor, etc आई.बी.ए. पब्लिकेशन्स
Date of publication, distribution, etc 2004
270 ## - ADDRESS
City छावनी
Address 6269/पी. निकल्सन रोड, अम्बाला छावनी
300 ## - PHYSICAL DESCRIPTION
Extent 189पृ.
Dimensions 19सेमी (सजिल्द)
650 ## - SUBJECT ADDED ENTRY--TOPICAL TERM
Topical term or geographic name as entry element हिंदी साहित्य
9 (RLIN) 63610
650 ## - SUBJECT ADDED ENTRY--TOPICAL TERM
Topical term or geographic name as entry element हिंदी कहानियां
9 (RLIN) 2082
650 ## - SUBJECT ADDED ENTRY--TOPICAL TERM
Topical term or geographic name as entry element Hindi literature
9 (RLIN) 63611
650 ## - SUBJECT ADDED ENTRY--TOPICAL TERM
Topical term or geographic name as entry element Hindi stories
9 (RLIN) 63612
942 ## - ADDED ENTRY ELEMENTS (KOHA)
Source of classification or shelving scheme Dewey Decimal Classification
Koha item type Hindi Books
Classification part
Call number suffix वैदय
Holdings
Withdrawn status Lost status Damaged status Not for loan Home library Current library Date acquired Source of acquisition Cost, normal purchase price Total Checkouts Full call number Barcode Date last seen Copy number Cost, replacement price Price effective from Koha item type
        Central Library Central Library 21/08/2015 Cen Lib/Ref 200.00   क वैदय B-177195 21/08/2015 1 200.00 21/08/2015 Hindi Books

© Delhi Public Library
Hit Counter
free hit counter